MAIN KAMPF (Record no. 35725)

MARC details
000 -LEADER
fixed length control field 00410nam a2200181Ia 4500
008 - FIXED-LENGTH DATA ELEMENTS--GENERAL INFORMATION
fixed length control field 090122s9999 xx 000 0 und d
082 ## - DEWEY DECIMAL CLASSIFICATION NUMBER
Item number 11648
100 ## - MAIN ENTRY--PERSONAL NAME
Personal name HITLER
Numeration ADOLF
245 ## - TITLE STATEMENT
Title MAIN KAMPF
260 ## - PUBLICATION, DISTRIBUTION, ETC. (IMPRINT)
Name of publisher, distributor, etc JACICO BOOK
Date of publication, distribution, etc 1988
300 ## - PHYSICAL DESCRIPTION
Extent 560
501 ## - WITH NOTE
With note बि. नं. 322-23-25-28-29
600 ## - SUBJECT ADDED ENTRY--PERSONAL NAME
Personal name HITLER
630 ## - SUBJECT ADDED ENTRY--UNIFORM TITLE
Uniform title MAIN KAMPF
700 ## - ADDED ENTRY--PERSONAL NAME
Personal name HITLER
730 ## - ADDED ENTRY--UNIFORM TITLE
Uniform title MAIN KAMPF
942 ## - ADDED ENTRY ELEMENTS (KOHA)
Koha item type Book
Holdings
Withdrawn status Lost status Damaged status Not for loan Home library Current library Date acquired Source of acquisition Cost, normal purchase price Total Checkouts Full call number Barcode Date last seen Copy number Cost, replacement price Price effective from Koha item type
        Dombivali Granthasangrahalaya, Dombivali Dombivali Granthasangrahalaya, Dombivali 01/22/2009 बि. नं. 322-23-25-28-29 0.00   11648 DOM-11648 01/22/2009 1 0.00 01/22/2009 Book